| 000 | 01034ngm a22002410a 4500 | ||
|---|---|---|---|
| 001 | PT19544 | ||
| 003 | AR-LpoUNG | ||
| 005 | 20210202000312.0 | ||
| 007 | vd cvaizq | ||
| 008 | 191001s1969||||xxk|||||||||||||||||ita d | ||
| 037 | _c$9,97 | ||
| 040 |
_aAR-LpoUNG _bspa _cAR-LpoUNG _eaacr |
||
| 041 | _aita | ||
| 082 | 0 | _a808.82 283med | |
| 100 | 1 |
_aPasolini, Pier Paolo _edir. |
|
| 245 | 1 | 0 | _aMedea |
| 260 |
_as.l. : _bs.n., _c[1969]. |
||
| 300 | _aVHS (110 min.) : son., col. | ||
| 520 | _aEs la historia de la maga Medea que, después de haber ayudado a Giasone y los Argonautas a conquistar el Velo de Oro, se fuga con ellos a Corinto, donde vive con el héroe hasta que es repudiada en favor de la hija del Rey Creonte.Muerto el Rey y la Princesa, Medea sacrifica también a los propios hijos antes de que Giasone pueda intervenir.Esta obra trata la tragedia de Eurípides, sin duda este es uno de los mejores filmes del controvertido director, Pier Paolo Pasolini. | ||
| 653 | _aVIDEOS | ||
| 905 | _a19544 | ||
| 942 | _cVIDEO | ||
| 999 |
_c54572 _d54572 |
||